000 00582nam a22002057a 4500
003 OSt
005 20251118124131.0
008 251118b |||||||| |||| 00| 0 eng d
020 _a0-7513-0993-1.
040 _aDWCL-Main lib
_cOC
082 _aRes. 775 M466d 2000
100 _aMay, Alex
245 _aDigital Photography
_cMay, Alex
260 _aLondon :
_bDorling Kindersley,
_cc2000.
300 _a72 pages :
_bcolored illustration ;
_c18 cm.
504 _aIncludes index.
650 _21. Digital photography.
650 _22. Photography.
942 _2ddc
_cBK-0 CIRC
_kRes.
_n0
999 _c5787
_d5787